Social investment for healthy return (Record no. 67538)
[ view plain ]
| 000 -LEADER | |
|---|---|
| fixed length control field | 01171cam a2200217 4500 |
| 001 - CONTROL NUMBER | |
| control field | X113363 |
| 008 - FIXED-LENGTH DATA ELEMENTS--GENERAL INFORMATION | |
| fixed length control field | 000000n2001 000 0 eng u |
| 035 ## - SYSTEM CONTROL NUMBER | |
| System control number | (Sirsi) u113363 |
| 100 ## - MAIN ENTRY--PERSONAL NAME | |
| Personal name | D'Aguilar, M. |
| 245 ## - TITLE STATEMENT | |
| Title | Social investment for healthy return |
| 260 ## - PUBLICATION, DISTRIBUTION, ETC. | |
| Date of publication, distribution, etc. | 2001 |
| 490 ## - SERIES STATEMENT | |
| Series statement | Regeneration and Renewal |
| Volume/sequential designation | 15 June 2001, 20-21(2) |
| 520 ## - SUMMARY, ETC. | |
| Summary, etc. | Discusses Health Impact Assessments (HIAs) and their role in successful regeneration projects. The assessments, carried out by facilitators familiar with the effects of regeneration projects on the health of local populations, seek to reduce inequalities and address the wider issues underlying health including the level of paid employment, quality of housing, social exclusion and support from family and friends as well as provision of medical care. HIAs can be carried out at any stage of the regeneration process and ensure that projects benefit the largest cross section of the community possible. Case studies. |
| 650 ## - SUBJECT ADDED ENTRY--TOPICAL TERM | |
| Topical term or geographic name entry element | HEALTH IMPACT ASSESSMENTS |
| 650 ## - SUBJECT ADDED ENTRY--TOPICAL TERM | |
| Topical term or geographic name entry element | HEALTH ISSUES |
| 650 ## - SUBJECT ADDED ENTRY--TOPICAL TERM | |
| Topical term or geographic name entry element | HIAS |
| 650 ## - SUBJECT ADDED ENTRY--TOPICAL TERM | |
| Topical term or geographic name entry element | SOCIAL EXCLUSION |
| 650 ## - SUBJECT ADDED ENTRY--TOPICAL TERM | |
| Topical term or geographic name entry element | URBAN REGENERATION |
| 690 ## - LOCAL SUBJECT ADDED ENTRY--TOPICAL TERM (OCLC, RLIN) | |
| Topical term or geographic name as entry element | REGENERATION |
| 942 ## - ADDED ENTRY ELEMENTS (KOHA) | |
| Suppress in OPAC | 0 |
| Withdrawn status | Lost status | Source of classification or shelving scheme | Damaged status | Not for loan | Home library | Current library | Shelving location | Date acquired | Total Checkouts | Full call number | Barcode | Date last seen | Copy number | Price effective from | Koha item type |
|---|---|---|---|---|---|---|---|---|---|---|---|---|---|---|---|
| Dewey Decimal Classification | London | London | Journal article | 02/07/2001 | X113363 | 113363-1001 | 06/08/2019 | 1 | 06/08/2019 | Journal article |